000 00300nam a22001337a 4500
008 170630b xxu||||| |||| 00| 0 eng d
020 _a9789951536196
041 _aeng
080 _a94
100 _a18
101 _aSHH
245 _aMARSI MBLEDH VLERA SHQIPTARE
_cMUJAJ.S
942 _2udc
_cBK
999 _c19690
_d19690